| 000 | 00719nam a22002537a 4500 | ||
|---|---|---|---|
| 001 | 0147 | ||
| 003 | DO-SdBNP | ||
| 005 | 20180226105118.0 | ||
| 007 | 0147 | ||
| 008 | 151005b2000 xxc 00| 0 spa d | ||
| 040 |
_aBPMSU _bspa _cBPMSU |
||
| 092 |
_aXXXX _bXXXX |
||
| 100 | 1 | _aBolté, Florence | |
| 245 | 1 | 0 |
_aAixa _bcastillos de arena / _cFlorence Bolté ; ilustraciones Mentalo ; traducción Traductions elgue simard |
| 260 |
_aQuébec, Canada : _bPirouli, _c2000. |
||
| 300 |
_a49 p. : _bil. _c21 cm. |
||
| 521 | 1 | _aA partir de los 12 años | |
| 700 | 1 |
_aMentalo _eil. |
|
| 710 | 2 |
_aTraductions Elgue Simard _etrad. |
|
| 910 | _a202 | ||
| 942 |
_2ddc _cBK |
||
| 945 | _ainventariado, 2018 / dg | ||
| 956 | _aYngrid Lockward | ||
| 999 |
_c8843 _d8843 |
||